000 00528nam a2200217Ia 4500
003 OSt
005 20221007082238.0
006 a|||||r|||| 00| 0
007 ta
008 221006b |||||||| |||| 00| 0 eng d
024 _a27,485
037 _cReports / Technical Reports
040 _aFLL
_cFLL
_beng
041 _2eng
_aeng
082 _aZ52, J8
245 0 _aule of law in Italy
260 _c1958
300 _a108p
_ccm.
942 _hZ52, J8
_cREP
_2CC
999 _c1165810
_d1165810